[Event "New York Masters 115th"]
[Site "New York"]
[Date "2004.08.31"]
[Round "4"]
[White "Gustafsson, Jan"]
[Black "Kamsky, Gata"]
[Result "0-1"]
[WhiteElo "2611"]
[BlackElo "2717"]
[PlyCount "112"]
[EventDate "2004.08.31"]
[EventType "swiss (rapid)"]
[EventRounds "4"]
[EventCountry "USA"]
[SourceTitle "CBM 102 Extra"]
[Source "ChessBase"]
[SourceDate "2004.11.03"]
[SourceVersion "1"]
[SourceVersionDate "2004.11.03"]
[SourceQuality "1"]

1. d4 Nf6 2. c4 g6 3. Nc3 d5 4. Bf4 Bg7 5. e3 c5 6. dxc5 Na6 7. cxd5 Nxc5 8.
Bb5+ Bd7 9. Bxd7+ Qxd7 10. Qd4 Rc8 11. Nf3 Nh5 12. Be5 f6 13. Bg3 O-O 14. O-O
Nxg3 15. hxg3 f5 16. Qd2 b5 17. Rac1 a5 18. Ne2 Ne4 19. Qxa5 Qxd5 20. Ned4 Ra8
21. Qxb5 Qxb5 22. Nxb5 Rxa2 23. b3 Rb8 24. Nbd4 Bf6 25. Ra1 Rba8 26. Rxa2 Rxa2
27. b4 Rb2 28. Nc6 Nc3 29. Nfe5 Bxe5 30. Nxe5 Rxb4 31. Nc6 Rb7 32. Ra1 Ne4 33.
Ra2 Kg7 34. Kh2 Rc7 35. Nd4 Rc1 36. f3 Nd6 37. Ra7 Kf6 38. Ra6 Kf7 39. Nc6 Rc3
40. Nd8+ Ke8 41. Ne6 Rxe3 42. Nc7+ Kf7 43. Ra7 Rd3 44. Kg1 Rd2 45. Ra4 h5 46.
Rb4 Kf6 47. Nb5 Nf7 48. Nc3 Ne5 49. Ra4 g5 50. Kf1 e6 51. Kg1 Rc2 52. Nb5 Nd3
53. Ra6 Rc1+ 54. Kh2 Nf2 55. g4 h4 56. g3 h3 0-1

[Event "New York Masters 116th"]
[Site "New York"]
[Date "2004.09.07"]
[Round "1"]
[White "Sarkar, Justin"]
[Black "Kamsky, Gata"]
[Result "0-1"]
[WhiteElo "2408"]
[BlackElo "2717"]
[PlyCount "66"]
[EventDate "2004.09.07"]
[EventType "swiss (rapid)"]
[EventRounds "4"]
[EventCountry "USA"]
[SourceTitle "CBM 102 Extra"]
[Source "ChessBase"]
[SourceDate "2004.11.03"]
[SourceVersion "1"]
[SourceVersionDate "2004.11.03"]
[SourceQuality "1"]

1. d4 Nf6 2. c4 e6 3. Nc3 Bb4 4. Qc2 O-O 5. a3 Bxc3+ 6. Qxc3 h6 7. Qc2 Nc6 8.
Nf3 d6 9. e4 e5 10. d5 Ne7 11. h3 a5 12. b3 Nd7 13. g4 Ng6 14. h4 Nc5 15. g5 h5
16. Be3 Bg4 17. Nd2 Qe7 18. Rb1 f6 19. b4 axb4 20. axb4 Na6 21. Be2 Bxe2 22.
Kxe2 fxg5 23. Bxg5 Nf4+ 24. Ke3 Qd7 25. f3 c6 26. Qb2 cxd5 27. cxd5 Qb5 28.
Bxf4 Rxf4 29. Qc3 Raf8 30. Rh3 Qd7 31. Rbh1 Nc7 32. Qd3 Nb5 33. Nb3 Rc8 0-1

[Event "New York Masters 116th"]
[Site "New York"]
[Date "2004.09.07"]
[Round "3"]
[White "Bercys, Salvijus"]
[Black "Kamsky, Gata"]
[Result "0-1"]
[WhiteElo "2279"]
[BlackElo "2717"]
[PlyCount "86"]
[EventDate "2004.09.07"]
[EventType "swiss (rapid)"]
[EventRounds "4"]
[EventCountry "USA"]
[SourceTitle "CBM 102 Extra"]
[Source "ChessBase"]
[SourceDate "2004.11.03"]
[SourceVersion "1"]
[SourceVersionDate "2004.11.03"]
[SourceQuality "1"]

1. d4 Nf6 2. Nf3 e6 3. c4 Bb4+ 4. Bd2 a5 5. g3 b6 6. Bg2 Bb7 7. O-O h6 8. Bf4
Be7 9. Nc3 O-O 10. d5 Bb4 11. Nd4 Bxc3 12. bxc3 Qc8 13. e4 Kh8 14. e5 Ng8 15.
Bc1 Na6 16. Ba3 Re8 17. Re1 Ne7 18. Nc2 Rb8 19. Ne3 Nc5 20. Qd2 d6 21. Bxc5
dxc5 22. Rad1 Rd8 23. Qc2 b5 24. d6 Ng6 25. Bxb7 Qxb7 26. f4 b4 27. dxc7 Qxc7
28. Rxd8+ Rxd8 29. Rd1 Rxd1+ 30. Nxd1 Ne7 31. Nf2 Nf5 32. Ne4 Qc6 33. Kf2 a4
34. cxb4 cxb4 35. c5 b3 36. axb3 axb3 37. Qd3 b2 38. Ke2 Qb7 39. Nd2 Qg2+ 40.
Kd1 Qxh2 41. c6 Qh1+ 42. Kc2 Qxc6+ 43. Kxb2 Qg2 0-1

[Event "New York Masters 116th"]
[Site "New York"]
[Date "2004.09.07"]
[Round "4"]
[White "Kamsky, Gata"]
[Black "Gustafsson, Jan"]
[Result "1/2-1/2"]
[WhiteElo "2717"]
[BlackElo "2611"]
[PlyCount "93"]
[EventDate "2004.09.07"]
[EventType "swiss (rapid)"]
[EventRounds "4"]
[EventCountry "USA"]
[SourceTitle "CBM 102 Extra"]
[Source "ChessBase"]
[SourceDate "2004.11.03"]
[SourceVersion "1"]
[SourceVersionDate "2004.11.03"]
[SourceQuality "1"]

1. d4 d5 2. c4 c6 3. Nf3 Nf6 4. Qc2 dxc4 5. Qxc4 Bf5 6. Nc3 e6 7. g3 Nbd7 8.
Bg2 Be7 9. O-O O-O 10. Bg5 h6 11. Bxf6 Nxf6 12. Rfd1 Rc8 13. Rac1 Bh7 14. Ne5
Nd7 15. Nxd7 Qxd7 16. a3 Rfd8 17. e3 Qc7 18. h4 Bf5 19. Bf3 Qa5 20. Qb3 Qb6 21.
Qxb6 axb6 22. Na4 b5 23. Nc5 Rc7 24. Kg2 Bf6 25. h5 Kf8 26. g4 Bh7 27. a4 bxa4
28. Nxa4 e5 29. d5 Ke7 30. Nc3 Rcd7 31. dxc6 Rxd1 32. Rxd1 Rxd1 33. Bxd1 bxc6
34. Bf3 e4 35. Bxe4 Bxe4+ 36. Nxe4 Bxb2 37. Kf3 Ke6 38. Ke2 f5 39. gxf5+ Kxf5
40. f3 g6 41. hxg6 Kxg6 42. f4 Kf5 43. Kf3 Bc1 44. Nc5 Ba3 45. e4+ Kf6 46. Nd3
c5 47. Nxc5 1/2-1/2

[Event "New York Masters 116th playoff"]
[Site "New York"]
[Date "2004.09.07"]
[Round "1"]
[White "Kamsky, Gata"]
[Black "Gustafsson, Jan"]
[Result "0-1"]
[WhiteElo "2717"]
[BlackElo "2611"]
[PlyCount "112"]
[EventDate "2004.09.07"]
[EventType "match (blitz)"]
[EventRounds "1"]
[EventCountry "USA"]
[SourceTitle "CBM 102 Extra"]
[Source "ChessBase"]
[SourceDate "2004.11.03"]
[SourceVersion "1"]
[SourceVersionDate "2004.11.03"]
[SourceQuality "1"]

1. e4 e5 2. Nf3 Nc6 3. Bb5 a6 4. Ba4 Nf6 5. O-O Be7 6. Re1 b5 7. Bb3 d6 8. c3
O-O 9. d4 Bg4 10. d5 Na5 11. Bc2 Qc8 12. h3 Bd7 13. Bg5 c6 14. dxc6 Qxc6 15.
Nbd2 Be6 16. Rc1 h6 17. Bxf6 Bxf6 18. Bb1 Rfd8 19. Qe2 Rac8 20. Nf1 Nc4 21. b3
Nb6 22. Ne3 d5 23. Ng4 Bxg4 24. hxg4 dxe4 25. Bxe4 Qc5 26. g3 Rc7 27. Kg2 Rcd7
28. Bb1 g6 29. Qe4 Qd5 30. Qe3 Qc6 31. Be4 Qe6 32. Qxh6 Qxg4 33. c4 Bg7 34. Qe3
Qe6 35. cxb5 axb5 36. Rc6 Nd5 37. Qc5 Qe8 38. Qxb5 Nf6 39. Qc4 Nxe4 40. Rxe4
Qe7 41. a4 Rd5 42. Rc8 Rxc8 43. Qxd5 Rd8 44. Qc4 Qb7 45. a5 Rc8 46. a6 Qa8 47.
Qe2 f5 48. Ra4 e4 49. Nh4 e3+ 50. Qf3 e2 51. Qxa8 Rxa8 52. Nf3 Bc3 53. b4 g5
54. b5 g4 55. Ne1 Bxe1 56. Ra2 Bd2 0-1

[Event "New York Masters 118th"]
[Site "New York"]
[Date "2004.09.21"]
[Round "2"]
[White "Lapshun, Yury"]
[Black "Kamsky, Gata"]
[Result "1/2-1/2"]
[WhiteElo "2444"]
[BlackElo "2717"]
[PlyCount "88"]
[EventDate "2004.09.21"]
[EventType "swiss (rapid)"]
[EventRounds "4"]
[EventCountry "USA"]
[SourceTitle "CBM 102 Extra"]
[Source "ChessBase"]
[SourceDate "2004.11.03"]
[SourceVersion "1"]
[SourceVersionDate "2004.11.03"]
[SourceQuality "1"]

1. d4 Nf6 2. Nf3 e6 3. c4 b6 4. g3 Ba6 5. b3 b5 6. cxb5 Bxb5 7. Bg2 Bb4+ 8. Bd2
a5 9. O-O O-O 10. a3 Be7 11. Nc3 Bc6 12. Qc2 d5 13. Ne5 Bb7 14. Na4 Nfd7 15.
Nd3 Ba6 16. Rfc1 Ra7 17. Qc3 Bb5 18. Nab2 Nf6 19. a4 Be8 20. Ne5 Ne4 21. Bxe4
dxe4 22. Qe3 Qd5 23. Nd1 c5 24. Nc3 Qxd4 25. Qxd4 cxd4 26. Nxe4 f6 27. Nc4 Nc6
28. Ned6 Bxd6 29. Nxd6 Bd7 30. Rc5 Rb8 31. Rb5 e5 32. Rc1 Raa8 33. Rcc5 Nd8 34.
Rxb8 Rxb8 35. Rc7 Be6 36. Re7 Bf7 37. Bxa5 Nc6 38. Rxf7 Nxa5 39. Ra7 Nxb3 40.
a5 Nc5 41. Rc7 Na6 42. Ra7 Nc5 43. Rc7 Na6 44. Ra7 Nc5 1/2-1/2

[Event "New York Masters 122nd"]
[Site "New York"]
[Date "2004.10.19"]
[Round "1"]
[White "Caruana, Fabiano"]
[Black "Kamsky, Gata"]
[Result "1/2-1/2"]
[WhiteElo "2169"]
[BlackElo "2717"]
[PlyCount "61"]
[EventDate "2004.10.19"]
[EventType "swiss (rapid)"]
[EventRounds "4"]
[EventCountry "USA"]
[SourceTitle "CBM 102 Extra"]
[Source "ChessBase"]
[SourceDate "2004.11.03"]
[SourceVersion "1"]
[SourceVersionDate "2004.11.03"]
[SourceQuality "1"]

1. e4 e5 2. Nf3 Nc6 3. Bc4 Bc5 4. c3 Nf6 5. d3 d6 6. h3 h6 7. O-O O-O 8. Be3
Bb6 9. Nbd2 Re8 10. a4 d5 11. exd5 Nxd5 12. Bxb6 axb6 13. Re1 Nf4 14. d4 exd4
15. cxd4 Be6 16. Re4 Bxc4 17. Rxf4 Bd5 18. Qc2 b5 19. b3 bxa4 20. bxa4 Qe7 21.
Rb1 b6 22. Rb5 Qd7 23. Rf5 Bxf3 24. Nxf3 Nxd4 25. Nxd4 Re1+ 26. Kh2 Qd6+ 27. g3
Qxd4 28. Qxc7 Rf8 29. Qf4 Qd1 30. Qf3 Qxa4 31. Rxb6 1/2-1/2

[Event "USA-ch"]
[Site "San Diego"]
[Date "2004.11.30"]
[Round "6"]
[White "Kamsky, Gata"]
[Black "Benjamin, Joel"]
[Result "1/2-1/2"]
[WhiteElo "2717"]
[BlackElo "2554"]
[Annotator "Rogozenco,D"]
[PlyCount "102"]
[EventDate "2004.11.24"]
[EventType "swiss"]
[EventRounds "9"]
[EventCountry "USA"]
[SourceTitle "CBM 105"]
[Source "ChessBase"]
[SourceDate "2005.04.11"]
[SourceVersion "1"]
[SourceVersionDate "2005.04.11"]
[SourceQuality "1"]

1. e4 c5 2. Nf3 Nc6 3. d4 cxd4 4. Nxd4 Nf6 5. Nc3 e5 6. Ndb5 d6 7. Bg5 a6 8.
Na3 b5 9. Nd5 Be7 10. Bxf6 Bxf6 11. c3 O-O 12. Nc2 Rb8 13. h4 Ne7 {Lately
Black players preferred to avoid the arising dangerous positions after this
move, although with a good theoretical preparation they are quite playable.}
14. Nxf6+ {Kasparov's novelty is the only way for White to create problems for
Black.} (14. Nce3 Nxd5 15. Nxd5 Be7 $5 $11 {[%cal Gc8e6,Yd8d7,Re7d8]}) 14...
gxf6 15. Qd2 (15. Bd3 {is another main continuation:} d5 (15... f5 16. exf5 $14
) 16. exd5 Qxd5 17. Ne3 Qe6 18. Qh5 f5 (18... e4 19. Bc2 b4 20. c4 $16 {
Kasparov-Lautier, Moscow 1994})) 15... f5 (15... Bb7 16. Bd3 d5 17. exd5 Qxd5
18. O-O-O e4 19. Be2 Qxa2 20. Qh6 Qe6 21. Nd4 Qb6 22. Rh3 (22. g4 $1 Kh8 23.
Nf5 Nxf5 24. gxf5 Rfd8 $1 25. Bh5 e3 26. Rhg1 Rxd1+ 27. Bxd1 Rg8 28. Rxg8+ Kxg8
29. Qxe3 $14 {Kasparov}) 22... Kh8 23. Bg4 Rg8 $13 {Kasparov-Kramnik, Novgorod
1994}) 16. Qg5+ Kh8 (16... Ng6 17. exf5 Qxg5 18. hxg5 Bxf5 19. Nb4 $16) 17.
Qf6+ Kg8 18. O-O-O (18. Rd1 Rb6 19. h5 fxe4 20. Rh4 d5 21. Qg5+ Kh8 22. Qxe5+
f6 23. Qh2 {1-0 Grazinys,V-Lukin,V/IECG email 1999 (42)} b4 $1 $132 24. cxb4
Qe8 25. a3 Nf5 26. Rf4 Qe5 $17 {[%csl Rb2,Re1]}) 18... Be6 (18... Ng6 $6 19.
Qxd6 Qxd6 20. Rxd6 fxe4 21. Nb4 $16) 19. Bd3 Nc6 20. Qh6 (20. Qxd8 Rfxd8 21.
exf5 Bxa2 $132 {[%cal Gd6d5,Gb5b4]}) 20... f4 (20... Bxa2 $2 21. Ne3 $16) 21.
g3 (21. f3 Kh8 $1 22. g3 $140 $2 (22. Bxb5 $1 Rxb5 23. Rxd6 Qxd6 24. Qf6+ Kg8
25. Qg5+ Kh8 $11) 22... fxg3 23. Rhg1 Rg8) 21... f3 22. Qg5+ (22. Ne3 $5) (22.
Ne1 $5 b4 $140 (22... f6 $1 $13) (22... Bxa2 23. Bb1 {[%cal Gd1d6]}) 23. Nxf3
f6 (23... bxc3 24. Ng5 cxb2+ 25. Kd2 $8 Qa5+ 26. Ke3 Qc5+ 27. Kf3 Nd4+ 28. Kg2
Rfc8 29. Nxh7 $18) 24. Ng5 $1 Qe7 (24... fxg5 25. Qxe6+ Kh8 26. hxg5 Qxg5+ 27.
f4 exf4 28. e5 fxg3+ 29. Kb1 h5 30. Rdg1 Rf3 31. Be4 $18) 25. Nxe6 Qxe6 26. b3
$36 {[%cal Gd3c4]}) 22... Kh8 (22... Qxg5+ $2 23. hxg5 Bxa2 24. Rh6 $16) 23.
Qxd8 Rfxd8 24. b3 a5 25. Kb2 b4 26. c4 Kg7 27. Bf1 (27. Rde1 a4 28. Re3 Bg4 $11
) 27... a4 28. Bh3 Ra8 29. Bxe6 fxe6 30. Rd3 Ra6 31. Rxf3 (31. Rhd1 Rda8 32.
Rxd6 axb3 33. axb3 Ra2+ 34. Kc1 Nd4 $132) 31... Rda8 32. Ra1 axb3 33. axb3 Rxa1
34. Nxa1 Nd4 35. Rd3 Kf6 36. Nc2 (36. Rd2 $2 {(preparing Nc2) runs into} Rxa1
37. Kxa1 ({or} 37. Rxd4 exd4 38. Kxa1 Ke5 39. f3 d3 40. Kb2 Kd4 $19) 37...
Nxb3+ $19) (36. h5 Ke7 37. f4 Rf8 $11) 36... Nxc2 37. Rf3+ Ke7 38. Kxc2 Ra2+
39. Kd1 Ra1+ 40. Ke2 Ra2+ 41. Kf1 h5 $1 $11 42. Rd3 (42. Kg2 Rc2 43. Re3 Rc3 (
43... Rd2 $5) 44. Kf3 Rc2 45. Rd3 Rc1 46. Ke2 Rc2+ 47. Ke3 Rc1 48. Kd2 Rf1 49.
Ke2 Rc1 $11) 42... Rc2 43. Kg2 Rc3 44. Re3 Rc2 45. Kf3 Rd2 (45... Rc1 46. Ke2 (
46. Rd3 Re1 $11) 46... Rc2+ 47. Ke1 Rc1+ 48. Kd2 Ra1 49. Re2 Ra3 50. Kc2 Ra2+
51. Kd3 Ra3 52. Rb2 Ra1 53. Ke2 Rc1 $11) 46. Kg2 Rc2 47. Rd3 Rc3 48. Rf3 Rc1
49. Kh2 Rf1 50. Kg2 Rc1 51. Re3 Rc2 1/2-1/2

[Event "New York Masters 127th"]
[Site "New York"]
[Date "2004.12.21"]
[Round "2"]
[White "Benen, Samson"]
[Black "Kamsky, Gata"]
[Result "0-1"]
[WhiteElo "2323"]
[BlackElo "2717"]
[PlyCount "102"]
[EventDate "2004.12.21"]
[EventType "swiss (rapid)"]
[EventRounds "4"]
[EventCountry "USA"]
[SourceTitle "CBM 104 Extra"]
[Source "ChessBase"]
[SourceDate "2005.03.01"]
[SourceVersion "1"]
[SourceVersionDate "2005.03.01"]
[SourceQuality "1"]

1. d4 Nf6 2. Nf3 e6 3. c4 b6 4. g3 Ba6 5. Qa4 Bb7 6. Bg2 c5 7. dxc5 Bxc5 8. O-O
O-O 9. Nc3 Nc6 10. Bf4 Rc8 11. Rad1 Be7 12. Nb5 Na5 13. Nd6 Bxd6 14. Bxd6 Rxc4
15. b4 Re8 16. Ne5 Bxg2 17. Kxg2 Re4 18. Qc2 Qa8 19. f3 Rxe5 20. Bxe5 Nd5 21.
Bd4 Rc8 22. Qa4 Nc4 23. Qb3 e5 24. Bf2 b5 25. e4 Nf6 26. Rd3 d5 27. exd5 Nxd5
28. Rfd1 Nf6 29. Kg1 h5 30. a4 a6 31. Ra1 e4 32. Rc3 Qc6 33. axb5 axb5 34. Rd1
Nd5 35. Rc2 e3 36. Be1 Nf6 37. Kg2 h4 38. gxh4 Nh5 39. Bg3 Qg6 40. Rd4 Re8 41.
Re2 f5 42. Qd3 Kh7 43. f4 Qc6+ 44. Kh3 Qf3 45. Qxf5+ Kh8 46. Rg2 e2 47. Rd3
Nxf4+ 48. Qxf4 Qxd3 49. Rg1 e1=Q 50. Rxe1 Rxe1 51. Qf8+ Kh7 0-1

[Event "New York Masters 127th"]
[Site "New York"]
[Date "2004.12.21"]
[Round "4"]
[White "Stripunsky, Alexander"]
[Black "Kamsky, Gata"]
[Result "1/2-1/2"]
[WhiteElo "2553"]
[BlackElo "2717"]
[PlyCount "80"]
[EventDate "2004.12.21"]
[EventType "swiss (rapid)"]
[EventRounds "4"]
[EventCountry "USA"]
[SourceTitle "CBM 104 Extra"]
[Source "ChessBase"]
[SourceDate "2005.03.01"]
[SourceVersion "1"]
[SourceVersionDate "2005.03.01"]
[SourceQuality "1"]

1. e4 e5 2. Nf3 Nc6 3. Bb5 a6 4. Ba4 Nf6 5. O-O Be7 6. Bxc6 dxc6 7. d3 Qd6 8.
b3 Be6 9. Bb2 Nd7 10. Nbd2 c5 11. Nc4 Bxc4 12. dxc4 Qxd1 13. Rfxd1 f6 14. a4
Nf8 15. Kf1 Ne6 16. g3 Kf7 17. Ke2 Rad8 18. Rxd8 Rxd8 19. Rd1 Rxd1 20. Kxd1 a5
21. Ke2 c6 22. Ne1 Bd6 23. Nd3 Bc7 24. f3 Bd6 25. Bc3 b6 26. Bb2 Bc7 27. Bc3
Bd6 28. Bb2 Bc7 29. Bc3 Bd6 30. Ba1 Bc7 31. Bc3 Bb8 32. Bb2 Ke7 33. Ba1 g6 34.
Bc3 Kf7 35. Bb2 Bd6 36. Ba1 Bc7 37. Bc3 Bb8 38. Bb2 Bd6 39. Ba1 Bc7 40. Bc3 Bb8
1/2-1/2

[Event "New York Masters 131st"]
[Site "New York"]
[Date "2005.01.25"]
[Round "4"]
[White "Kamsky, Gata"]
[Black "Bonin, Jay R"]
[Result "1/2-1/2"]
[WhiteElo "2717"]
[BlackElo "2343"]
[PlyCount "92"]
[EventDate "2005.01.25"]
[EventType "swiss (rapid)"]
[EventRounds "4"]
[EventCountry "USA"]
[SourceTitle "CBM 104 Extra"]
[Source "ChessBase"]
[SourceDate "2005.03.01"]
[SourceVersion "1"]
[SourceVersionDate "2005.03.01"]
[SourceQuality "1"]

1. d4 Nf6 2. Nf3 d6 3. Bg5 Nbd7 4. Nbd2 e5 5. c3 Be7 6. e4 exd4 7. cxd4 Nxe4 8.
Nxe4 d5 9. Qe2 dxe4 10. Qxe4 Nb6 11. Bd3 Be6 12. Bxe7 Qxe7 13. O-O O-O-O 14. a4
Nd5 15. a5 a6 16. Rac1 Qf6 17. Ne5 Qf4 18. Qe2 Nb4 19. Bc4 Rhe8 20. Bxe6+ Rxe6
21. Qc4 Nc6 22. Nxf7 Qxf7 23. d5 Re5 24. dxc6 Qxc4 25. Rxc4 Rxa5 26. cxb7+ Kxb7
27. g3 Ra2 28. Rfc1 Rd7 29. R1c2 a5 30. Kg2 Rf7 31. h4 a4 32. Rb4+ Kc8 33. Rc3
Rf6 34. g4 Kd7 35. Kg3 Rb6 36. Rd4+ Kc8 37. Rdc4 Rb7 38. f3 Ra7 39. Rc2 a3 40.
bxa3 Rxc2 41. Rxc2 Rxa3 42. Kf4 Kd7 43. h5 h6 44. Ke4 Kd6 45. f4 c5 46. Kf5 Ra4
1/2-1/2

[Event "Minneapolis HB Global op"]
[Site "Minneapolis"]
[Date "2005.05.19"]
[Round "2"]
[White "Kamsky, Gata"]
[Black "Pruess, David"]
[Result "1-0"]
[WhiteElo "2700"]
[BlackElo "2394"]
[Annotator "Finkel,A"]
[PlyCount "61"]
[EventDate "2005.05.18"]
[EventType "swiss"]
[EventRounds "9"]
[EventCountry "USA"]
[SourceTitle "CBM 107"]
[Source "ChessBase"]
[SourceDate "2005.08.01"]
[SourceVersion "1"]
[SourceVersionDate "2005.08.01"]
[SourceQuality "1"]

1. e4 e6 2. d4 d5 3. Nc3 Nf6 4. e5 Nfd7 5. f4 c5 6. Nf3 Nc6 7. Be3 a6 8. Qd2 b5
9. Bd3 b4 10. Nd1 Qb6 (10... c4 11. Be2 Nb6 (11... h5 12. O-O Be7 (12... g6 13.
Bf2 Be7 14. Ne3 Bb7 15. c3 Qa5 16. Bh4 bxc3 17. bxc3 Bxh4 18. Nxh4 Ne7 19. Nf3
$14 {Shaposhnikov,E-Smikovski,I/St Petersburg 1997}) 13. a3 Rb8 14. axb4 Bxb4
15. c3 Be7 16. Ng5 Nf8 17. Qc2 Qb6 18. Bxc4 dxc4 19. d5 Bc5 20. dxc6 Bxe3+ 21.
Nxe3 Qxe3+ 22. Kh1 $44 {Shirov,A-Glek,I/Germany 1995}) (11... a5 12. O-O g6 13.
g4 Nb6 14. Bf2 Be7 15. Ne3 h5 16. h3 Ba6 17. Kg2 $14 {Zulfugarli,M-Pereyra
Arcija,D/Zagan 1997}) 12. O-O Be7 13. Bf2 g6 14. Ne3 a5 15. Bg3 Bd7 16. b3 cxb3
17. axb3 a4 18. bxa4 $14 {Stripunsky,A-Dreev,A/Rostov 1993}) (10... cxd4 11.
Nxd4 Nxd4 12. Bxd4 Nc5 13. O-O Nxd3 14. cxd3 Bd7 15. Ne3 Be7 16. Rf3 $16 {
Timoshenko,G-Peric,S/Cappelle la Grande 2000}) 11. O-O $5 {A very commiting
continuation, which leads to a complicated struggle with unclear consequences.
White sacrifices a pawn for attacking prospects on the kingside, however it's
not obvious that White will succeed in his attack.} (11. Qf2 cxd4 (11... a5 12.
O-O Ba6 13. Bxa6 Rxa6 14. c3 Be7 15. f5 $6 exf5 16. Bf4 cxd4 17. cxd4 O-O $15 {
Shaposhnikov,E-Volkov,S/Samara 2000}) 12. Nxd4 Bc5 (12... Nxd4 13. Bxd4 Bc5 14.
Bxc5 Nxc5 15. O-O Rb8 16. Ne3 O-O 17. Rad1 Bd7 18. Kh1 Nxd3 19. cxd3 Qd4 $11 {
Fedorov,A-Volkov,S/Krasnodar 1998}) 13. Nxc6 Qxc6 14. O-O Bb7 15. Qg3 f5 16.
Bxc5 Nxc5 17. a3 Ne4 $132 {Novik,M-Gleizerov,E/Moscow 1992}) (11. dxc5 Bxc5 12.
O-O Bb7 (12... a5 13. Kh1 Ba6 14. f5 exf5 15. Bxf5 Bxf1 16. Bxd7+ Kxd7 17.
Qxd5+ Kc8 18. Bxc5 $36 {Konguvel,P-Reefat,B/Calcutta 2001}) 13. Kh1 O-O 14. Qf2
f5 15. h3 Bxe3 16. Nxe3 Nc5 17. Kh2 Ne4 $13 {Timoshenko,G-Gleizerov,E/Alushta
1993}) (11. c3 a5 12. O-O g6 (12... Ba6 13. Nf2 h5 14. f5 exf5 15. Nh3 bxc3 16.
bxc3 cxd4 17. cxd4 Bb4 18. Qe2 $36 {Fedorov,A-Alavkin,A/Moscow 2004}) 13. Rc1
c4 14. Bc2 a4 15. cxb4 Bxb4 $13 {Roschina,T-Nikolenko,O/Moscow 1996}) 11...
Nxd4 12. Nxd4 cxd4 13. Bf2 a5 (13... Be7 $5 {[%csl Gh4]}) 14. Bh4 g6 $5 {
[%csl Rf6] Weakening the dark squares around the king, but gaining the
coordination between the pieces instead.} (14... Nc5 15. Nf2 Nxd3 16. Nxd3 Bd7
17. Rf3 a4 18. Raf1 a3 19. b3 Rc8 $13) 15. Nf2 Bg7 16. Ng4 Ba6 17. Rae1 Bxd3
18. cxd3 h5 19. Nf2 Rc8 ({Very serious attention deserved} 19... a4 $5 20. Bg5
b3 21. axb3 axb3 22. Rc1 O-O 23. g4 f6 24. exf6 Nxf6 $15 {with better chances,
however this line is far from being forced, even though it seems to be quite
logical.}) 20. Kh1 Rc6 21. Qd1 $5 {[%cal Gg2g4,Gd1f3] Giving up his queenside
pawns for g4 break.} O-O 22. g4 hxg4 23. Nxg4 Rfc8 24. Qf3 Rc2 25. Qh3 Rxb2 ({
Another possibility was} 25... Qc5 26. Bf6 Qf8 27. f5 exf5 28. Bxg7 Qxg7 {
but White has everything under control after} 29. Nh6+ $1 Kf8 30. Nxf5 gxf5 31.
Rg1 $16 {[%csl Rg7]}) 26. Bf6 Rcc2 $2 (26... Nxf6 $1 27. exf6 Bxf6 $1 (27...
Bh8 $2 28. f5 $1 exf5 29. Nh6+ Kf8 30. Nxf5 Bxf6 31. Ne7 Rcc2 32. Qh6+ Bg7 33.
Nxg6+ $18) 28. Nxf6+ Kg7 29. Ng4 $5 (29. f5 Rh8 30. Ne8+ Kg8 31. Nf6+ $11)
29... Rh8 30. Qg3 Rxa2 31. f5 Qb8 32. f6+ Kh7 33. Ne5 Kg8 $132) (26... Qc5 27.
f5 $1 exf5 28. Bxg7 Kxg7 29. Qh6+ Kg8 30. e6 $18) 27. f5 $1 $18 exf5 (27...
gxf5 28. Bxg7 Kxg7 29. Qh6+ Kg8 30. Rg1 $1 Rg2 31. Nf6+ Nxf6 32. exf6 $18) 28.
Bxg7 Kxg7 29. Qh6+ Kg8 30. e6 fxe6 31. Qxg6+ (31. Qxg6+ Kh8 32. Qe8+ Kg7 33.
Qxd7+ $18) 1-0

[Event "Minneapolis HB Global op"]
[Site "Minneapolis"]
[Date "2005.05.19"]
[Round "3"]
[White "Kacheishvili, Giorgi"]
[Black "Kamsky, Gata"]
[Result "1/2-1/2"]
[WhiteElo "2597"]
[BlackElo "2700"]
[PlyCount "60"]
[EventDate "2005.05.18"]
[EventType "swiss"]
[EventRounds "9"]
[EventCountry "USA"]
[SourceTitle "CBM 107"]
[Source "ChessBase"]
[SourceDate "2005.08.01"]
[SourceVersion "1"]
[SourceVersionDate "2005.08.01"]
[SourceQuality "1"]

1. d4 d5 2. c4 c6 3. Nf3 Nf6 4. Nc3 a6 5. c5 Nbd7 6. Bf4 Nh5 7. Bg5 h6 8. Bd2
Nhf6 9. Qc2 g6 10. Bf4 Nh5 11. Be5 Nxe5 12. Nxe5 Be6 13. e3 Bg7 14. f4 Bf5 15.
Bd3 e6 16. Nf3 Nf6 17. h3 h5 18. O-O O-O 19. b4 Nd7 20. Rab1 Qc7 21. Rfc1 Bf6
22. Nd1 Bxd3 23. Qxd3 Rfe8 24. Nf2 Bg7 25. Qc3 Qd8 26. Rc2 Qe7 27. Rcb2 Ra7 28.
Qc2 Raa8 29. Nd3 Nf6 30. Nf2 Nd7 1/2-1/2

[Event "Minneapolis HB Global op"]
[Site "Minneapolis"]
[Date "2005.05.22"]
[Round "9"]
[White "Adianto, Utut"]
[Black "Kamsky, Gata"]
[Result "0-1"]
[WhiteElo "2588"]
[BlackElo "2700"]
[PlyCount "84"]
[EventDate "2005.05.18"]
[EventType "swiss"]
[EventRounds "9"]
[EventCountry "USA"]
[SourceTitle "CBM 107"]
[Source "ChessBase"]
[SourceDate "2005.08.01"]
[SourceVersion "1"]
[SourceVersionDate "2005.08.01"]
[SourceQuality "1"]

1. e4 c5 2. Nf3 e6 3. c3 d5 4. e5 d4 5. Bd3 Nc6 6. O-O Nge7 7. Na3 Ng6 8. Re1
Be7 9. cxd4 cxd4 10. Nc4 Nb4 11. Bxg6 hxg6 12. a3 Nc6 13. d3 b5 14. Ncd2 Bb7
15. Ne4 Qd5 16. Ng3 f6 17. Re4 g5 18. h3 f5 19. Re2 Nd8 20. Rc2 Nf7 21. Rc7 Rc8
22. Rxc8+ Bxc8 23. Qe2 Bb7 24. Bd2 Bc5 25. Rc1 Bb6 26. Bb4 Kd7 27. Bd2 g6 28.
a4 a6 29. axb5 axb5 30. Ra1 Ra8 31. Rxa8 Bxa8 32. Qe1 Bc7 33. Qf1 Nxe5 34. Nxg5
Nxd3 35. Nh7 Ke7 36. f3 Qb3 37. Kh2 Bd5 38. Bg5+ Kf7 39. Nf6 Bc4 40. h4 Qxb2
41. h5 gxh5 42. Nfxh5 Nf4 0-1

[Event "World op 33rd"]
[Site "Philadelphia"]
[Date "2005.06.29"]
[Round "2"]
[White "Kamsky, Gata"]
[Black "Mohota, Nisha"]
[Result "1-0"]
[WhiteElo "2700"]
[BlackElo "2297"]
[PlyCount "54"]
[EventDate "2005.06.??"]
[EventType "swiss"]
[EventRounds "9"]
[EventCountry "USA"]
[SourceTitle "EXT 2006"]
[Source "ChessBase"]
[SourceDate "2005.11.24"]
[SourceVersion "1"]
[SourceVersionDate "2005.11.24"]
[SourceQuality "1"]

1. e4 c5 2. Nf3 d6 3. d4 cxd4 4. Qxd4 Nc6 5. Bb5 Bd7 6. Bxc6 Bxc6 7. Nc3 h6 8.
Be3 e5 9. Qc4 Nf6 10. O-O-O Qc8 11. Qd3 Be7 12. Nh4 g6 13. f4 Qg4 14. Nf3 Qxg2
15. fxe5 Qxf3 16. Rhf1 Qxf1 17. Rxf1 dxe5 18. Nd5 Bxd5 19. exd5 O-O 20. d6 Bd8
21. Bxh6 Re8 22. Qb5 Rb8 23. Be3 a6 24. Qb3 b5 25. d7 Re6 26. Bc5 Rc8 27. Kb1
Nxd7 1-0